Spôsoby zvýšenia predajnosti tovaru cez web

V súvislosti s pandémiou COVID-19 museli byť mnohé obchodné prevádzky zatvorené a nemohli tak vykonávať svoju podnikateľskú činnosť v kamennej predajni. Jednotlivé druhy cien tvorených prostredníctvom marketingu.

Enregistré dans:
Détails bibliographiques
Auteur principal: Kopčáková, Janka, 1994-
Format: Chapitre de livre
Langue:anglais
Sujets:
Tags: Ajouter un tag
Pas de tags, Soyez le premier à ajouter un tag!

MARC

LEADER 00000naa$a2200000$$$4500
001 0280947
005 20240502074349.3
041 0 |a eng 
044 |a SK 
245 1 0 |a Spôsoby zvýšenia predajnosti tovaru cez web  |c Janka Kopčáková 
520 |a V súvislosti s pandémiou COVID-19 museli byť mnohé obchodné prevádzky zatvorené a nemohli tak vykonávať svoju podnikateľskú činnosť v kamennej predajni. Jednotlivé druhy cien tvorených prostredníctvom marketingu. 
610 2 0 |a tvorba cien 
610 2 0 |a ceny 
610 2 0 |a obchod elektronický 
610 2 0 |a stránky webové 
100 1 |a Kopčáková, Janka, 1994-